00724nam a2200241 a 4500001001300000003000900013005001700022008004100039020002300080082001600103100001900119245004000138260003200178300000900210500003500219505002400254650002300278700001900301902000800320942000700328952013200335999001500467nice12345678IN_TiNIC20260116012736.0050524s1993 dela grp 000 0 eng  a0670035 c19500a181.07bZAK aZakaria, Rafiq aIqbalb the Poet and the Politician aDelhibPenguin Books c1993 a189p aincludes index and biblioraphy2 aBibliography, Index aPhilosophy-Islamic1 aZakaria, Rafiq bSRS cBK 001040708StackRoom-aHMIbHMId2009-07-02g195.00l6m5o181.07 ZAKp014465r2022-04-27s2020-01-17v195.00w2005-05-24yBK c8185d8185